Normal view
MARC view
- Success in business
Entry Topical Term
001 - CONTROL NUMBER
- control field: 1084
003 - CONTROL NUMBER IDENTIFIER
- control field: OSt
005 - DATE AND TIME OF LATEST TRANSACTION
- control field: 20170504092127.0
008 - FIXED-LENGTH DATA ELEMENTS
- fixed length control field: 170504|| aca||aabn | a|a d
040 ## - CATALOGING SOURCE
- Original cataloging agency: OSt
- Transcribing agency: OSt
150 ## - HEADING--TOPICAL TERM
- Topical term or geographic name entry element: Success in business
670 ## - SOURCE DATA FOUND
- Source citation: Work cat.: (OSt)0: Ringer, Robert J. 1083, The 10 habits of highly successful people :, 1995

PORTAL AKMAL
E-MEL JKDM
AKMAL2U
G-BAM
u-PUSTAKA